A cozinha afrodisíaca / (Record no. 1019)

MARC details
000 -LÍDER
campo de controle de tamanho fixo 01081nam a22002297a 4500
003 - IDENTIFICADOR DO NÚMERO DE CONTROLE
campo de controle OSt
005 - DATA E HORÁRIO DA ÚLTIMA TRANSAÇÃO
campo de controle 20251127120752.0
008 - CAMPO DE DADOS FIXOS--INFORMAÇÃO GERAL
campo de controle de tamanho fixo 251127b |||||||| |||| 00| 0 eng d
040 ## - FONTE DA CATALOGAÇÃO
Instituição que transcreveu o registro Nolita
041 ## - CÓDIGO DE IDIOMA
Código do idioma do texto/trilha sonora ou título diferente Português
100 1# - ENTRADA PRINCIPAL--NOME PESSOAL
Nome pessoal Moura, Marcia
9 (RLIN) 1658
245 ## - TÍTULO
Título A cozinha afrodisíaca /
Indicação de responsabilidade, etc. Marcia Moura
260 ## - PUBLICAÇÃO, DISTRIBUIÇÃO, ETC.
Local de publicação, distribuição, etc. Rio de Janeiro :
Nome do editor, distribuidor, etc. Irradiação Cultural,
Data da publicação, distribuição, etc. 1989
300 ## - DESCRIÇÃO FÍSICA
Extensão 170 p. :
Outros detalhes físicos il. ;
Dimensões 19 cm
500 ## - NOTA GERAL
Nota geral Informação retirada da capa: "Receitas testadas e aprovadas pela autora e seus amigos. Fácil, gostosa, leve, engraçada, excitante e entendida por todos. Do Mobral ao Yuppie."<br/>Inclui índice.
520 ## - NOTA DE RESUMO, ETC.
Resumo, etc. Aborda receitas, ingredientes e tradições culinárias associadas aos chamados alimentos afrodisíacos. A obra combina explicações sobre simbolismos, crenças populares e usos culturais dos ingredientes com receitas práticas que exploram sabores e apresentações voltadas ao prazer e à sensualidade.
650 #0 - ASSUNTO--TERMO TÓPICO
Cabeçalho tópico ou nome geográfico Gastronomia
9 (RLIN) 7
650 #0 - ASSUNTO--TERMO TÓPICO
Cabeçalho tópico ou nome geográfico Afrodisíacos
9 (RLIN) 1636
650 #0 - ASSUNTO--TERMO TÓPICO
Cabeçalho tópico ou nome geográfico Culinária
9 (RLIN) 8
650 #0 - ASSUNTO--TERMO TÓPICO
Cabeçalho tópico ou nome geográfico Receitas
9 (RLIN) 12
942 ## - ELEMENTOS DE ENTRADA ADICIONADOS (KOHA)
Fonte de classificação ou esquema de arquivamento Classificação decimal de Dewey
Tipo de material Koha Livros
Ocultar no OPAC Não
Holdings
Situação do descarte Situação das perdas Fonte de classificação ou esquema de arquivamento Status danificado Não pode ser emprestado Coleção Biblioteca de origem Biblioteca atual Data de aquisição Total de empréstimos Número de chamada completo Código de barras Data de último acesso Data do preço efetivo Tipo de material Koha
    Classificação decimal de Dewey     Não ficção Nolita Roastery Nolita Roastery 11/27/2025   L1097 L1097 11/27/2025 11/27/2025 Livros